Iconografía de las ediciones del Quijote de Miguel de Cervantes Saavedra (Record no. 82647)
[ view plain ]
| 000 -LEADER | |
|---|---|
| campo de control de longitud fija | 00952nam a2200205 i 4500 |
| 001 - NÚMERO DE CONTROL | |
| campo de control | 82647 |
| 003 - IDENTIFICADOR DE NÚMERO DE CONTROL | |
| campo de control | ES-MaACL |
| 005 - FECHA Y HORA DE LA ÚLTIMA TRANSACCIÓN | |
| campo de control | 20240320062609.0 |
| 007 - CAMPO FIJO DE DESCRIPCIÓN FÍSICA--INFORMACIÓN GENERAL | |
| campo de control de longitud fija | t| |
| 008 - DATOS DE LONGITUD FIJA--INFORMACIÓN GENERAL | |
| campo de control de longitud fija | 041111s1905 sp ||||1| spa d |
| 080 ## - NÚMERO DE LA CLASIFICACIÓN DECIMAL UNIVERSAL | |
| Número de la Clasificación Decimal Universal | 012:4689 |
| 245 00 - MENCIÓN DEL TÍTULO | |
| Título | Iconografía de las ediciones del Quijote de Miguel de Cervantes Saavedra |
| Resto del título | : reproducción en facsimile de las portadas de 611 ediciones con notas bibliográficas tomadas directamente de los respectivos ejemplares (del año 1605 al 1905) / |
| Mención de responsabilidad, etc. | reunido y ordenado cronologicamente por Manuel Heinrich ; precedido de un Homenaje a Cervantes, por los editores ; prólogo, por J. Givanel ; génesis del Quijote, por Martínez Ruiz (Azorín). |
| 260 ## - PUBLICACIÓN, DISTRIBUCIÓN, ETC. | |
| Lugar de publicación, distribución, etc. | Barcelona : |
| Nombre del editor, distribuidor, etc. | Henrich y Cª, |
| Fecha de publicación, distribución, etc. | 1905. |
| 300 ## - DESCRIPCIÓN FÍSICA | |
| Extensión | 3 v. ; |
| Dimensiones | 27 cm. |
| 700 1# - ENTRADA AGREGADA--NOMBRE PERSONAL | |
| Nombre de persona | Henrich, Manuel. |
| 9 (RLIN) | 62572 |
| 700 1# - ENTRADA AGREGADA--NOMBRE PERSONAL | |
| Nombre de persona | Givanel Mas, J. ( |
| Fechas asociadas al nombre | 1868-1946) |
| 9 (RLIN) | 57380 |
| 700 0# - ENTRADA AGREGADA--NOMBRE PERSONAL | |
| Nombre de persona | Azorín, |
| Fechas asociadas al nombre | 1873-1967 |
| 9 (RLIN) | 24326 |
| 852 ## - LOCALIZACIÓN | |
| Ubicación | ES-MaACL |
| Número de control de estantería | C-2315-17 |
| Estatus retirado | Estado de pérdida | Estado de daño | No para préstamo | Biblioteca de origen | Biblioteca actual | Ubicación en estantería | Fecha de adquisición | Fuente de adquisición | Total de préstamos | Signatura topográfica completa | Código de barras | Visto por última vez | Precio de reemplazo | Tipo de ítem Koha |
|---|---|---|---|---|---|---|---|---|---|---|---|---|---|---|
| Biblioteca del Ateneo de Madrid | Biblioteca del Ateneo de Madrid | Sala Palomar | 17/01/2008 | C-2315-17 | 1086375 | 23/02/2023 | 23/02/2023 | Libro impreso |
